000 00867nam a22002417a 4500
003 UA-OsUOA
001 77203
007 ta
008 20110905b un ||||| |||| 00| 0 ukr d
090 _a340(038)
_bЭ68
942 _cBK
040 _aUA-OsUOA
_brus
_cUA-OsUOA
_dUA-OsUOA
245 _aЭнциклопедический словарь терминов и понятий российского законодательства
_cпод ред. проф. А.П.Войтовича
300 _a384 с.
955 _a2
041 _arus
080 _a340(038)
020 _a978-5-93295-622-9
260 _aМ.
_bЮрлитинформ
_c2010
250 _nизд. 2-е, перераб. и доп.
650 7 _a340 Право в цілому. Пропедевтика. Методи та допоміжні правничі науки
_2UDC
999 _c363508
_d363508